| 000 | 00853nas a2200277 4500 | ||
|---|---|---|---|
| 001 | BR9801801 | ||
| 003 | BR-BrBNA | ||
| 005 | 20231205100953.0 | ||
| 007 | ta | ||
| 008 | 230509b bl.|||p| |||| 00| 00por d | ||
| 040 |
_aBR-BrBNA _bpor _cBiblioteca Nacional de Agricultura |
||
| 041 | _a(Pt) | ||
| 072 | _aJ10; F03 | ||
| 100 | 1 | _aPreviero, C.A. | |
| 100 | 1 | _aRazera, L.F. | |
| 100 | 1 | _aGroth, D. | |
| 245 | 1 | _aInfluencia do grau de umidade e tipo de embalagem na conservacao de sementes de Brachiaria brizantha | |
| 650 | _aCapim Brachiaria | ||
| 650 | _aArmazenamento | ||
| 650 | _aSemente | ||
| 650 | _aEscarificacao | ||
| 650 | _aAcondicionamento | ||
| 773 | 0 |
_tPesquisa Agropecuaria Brasileira (Brazil) _xISSN 0100-204X _g(Feb 1998), v. 33(2) p. 191-197 _wBR9801801 |
|
| 909 |
_a202311 _bLúcia _c55 _dLúcia Elande |
||
| 942 |
_2AGRIS _n0 _cANA |
||
| 999 |
_c159086 _d159086 |
||